Balún-Canán /

Shranjeno v:
Bibliografske podrobnosti
Glavni avtor: Castellanos, Rosario (autor)
Format: Knjiga
Jezik:španščina
Izdano: México : Fondo de Cultura Económica : Secretaría de Educación Pública, 1983, c1957
Oznake: Označite
Brez oznak, prvi označite!

MARC

LEADER 00000nam^a2200000^a^4500
001 000563058
005 20250521000000.0
009 20260310131958.13
020 |a 968-16-1530-1 
037 |a Acervo ITESO - Biblioteca 
041 |a ESP 
091 |a FGM. 01965 
100 |a Castellanos, Rosario  |e (autor) 
245 1 0 |a Balún-Canán / 
264 4 |a México :  |b Fondo de Cultura Económica :  |b Secretaría de Educación Pública,  |c 1983, c1957 
300 |a 291 p. 
336 |a texto  |b txt  |2 rdacontenido 
337 |a sin mediación  |b n  |2 rdamedio 
338 |a volumen  |b nc  |2 rdasoporte 
649 |a XX 
910 |a Fondo Efraín González Morfín 
920 |a Impresos - Libros 
930 |a Fondos Especiales 
940 |a Literatura 
905 |a 130 
901 |a 0500386407  |b IT2  |c ESL  |i D87948  |u 20250521 
902 |a https://opac.biblio.iteso.mx/vufind/Record/000563058